[Event "ARG-ch U18"]
[Site "San Jorge"]
[Date "1993.??.??"]
[Round "4"]
[White "Gamboa, Juan Pablo"]
[Black "Pierrot, Juan Facundo"]
[Result "1-0"]
[WhiteElo "1675"]
[BlackElo "2315"]
[PlyCount "37"]
[EventDate "1993.??.??"]
[EventType "swiss"]
[EventRounds "9"]
[EventCountry "ARG"]
[SourceTitle "EXT 1999"]
[Source "ChessBase"]
[SourceDate "1998.11.16"]
[SourceVersion "1"]
[SourceVersionDate "1998.11.16"]
[SourceQuality "1"]

1. c4 c5 2. Nf3 Nf6 3. Nc3 b6 4. g3 Bb7 5. Bg2 e6 6. 0-0 Be7 7. d4 cxd4 8. Qxd4 d6 9. b3 Nbd7 10. Rd1 a6 11. Ba3 Nc5 12. Na4 0-0 13. Nxc5 bxc5 14. Qc3 Qb6 15. Bb2 a5 16. Ng5 Bxg2 17. Kxg2 a4 18. Qd3 Rab8 19. Bxf6 1-0